<?xml version="1.0" encoding="UTF-8"?>
<collection xmlns="http://www.loc.gov/MARC21/slim">
 <record>
  <leader>01328nam a2200193Ia 4500</leader>
  <controlfield tag="001">CTU_16562</controlfield>
  <controlfield tag="008">210402s9999    xx            000 0 und d</controlfield>
  <datafield tag="082" ind1=" " ind2=" ">
   <subfield code="a">651.75</subfield>
  </datafield>
  <datafield tag="082" ind1=" " ind2=" ">
   <subfield code="b">H523</subfield>
  </datafield>
  <datafield tag="100" ind1=" " ind2=" ">
   <subfield code="a">Trần Huy</subfield>
  </datafield>
  <datafield tag="245" ind1=" " ind2="0">
   <subfield code="a">Trau dồi kĩ năng dịch tiếng Anh về thư tín giao dịch kinh doanh hợp đồng kinh tế</subfield>
  </datafield>
  <datafield tag="245" ind1=" " ind2="0">
   <subfield code="b">= Refining skills of English translation on business letters and economic contracts</subfield>
  </datafield>
  <datafield tag="245" ind1=" " ind2="0">
   <subfield code="c">Trần Huy, Ngọc ánh</subfield>
  </datafield>
  <datafield tag="260" ind1=" " ind2=" ">
   <subfield code="a">Hà Nội</subfield>
  </datafield>
  <datafield tag="260" ind1=" " ind2=" ">
   <subfield code="b">KHXH</subfield>
  </datafield>
  <datafield tag="260" ind1=" " ind2=" ">
   <subfield code="c">1997</subfield>
  </datafield>
  <datafield tag="520" ind1=" " ind2=" ">
   <subfield code="a">Nội dung gồm: Hướng dẫn kĩ xảo trong nghệ thuật viết thư giao dịch kinh doanh; Các bức thư mẫu cho các tình huống giao tiếp kinh doanh thường gặp: Yêu cầu/phúc đáp; chuyển giao/thông báo về hàng hóa; tín dụng; thư giao tế/thư cá nhân; Hướng dẫn chi tiết và trình bày hợp đồng kinh tế; Các thuật ngữ Anh-Việt; Việt-Anh và các mẫu câu thường dùng trong Hợp đồng kinh tế và trong thảo luận Hợp đồng; Một số bản dịch Hợp đồng mẫu</subfield>
  </datafield>
  <datafield tag="650" ind1=" " ind2=" ">
   <subfield code="a">commercial correspondence</subfield>
  </datafield>
  <datafield tag="980" ind1=" " ind2=" ">
   <subfield code="a">Trung tâm Học liệu Trường Đại học Cần Thơ</subfield>
  </datafield>
 </record>
</collection>
